[Event "Satka Autumn 2020"]
[Site "Satka"]
[Date "2020.10.23"]
[Round "3.8"]
[White "Martynyuk, Elizaveta"]
[Black "Doroshenko, Diana"]
[Result "1-0"]
[WhiteElo "2102"]
[BlackElo "2214"]
[Annotator "TA"]
[PlyCount "175"]
[EventDate "2020.10.21"]
[EventType "swiss"]
[EventCountry "RUS"]
[SourceTitle "playchess.com"]
[Source "ChessBase"]
[SourceQuality "1"]

{[%evp 27,175,-22,-16,-18,-20,-24,-18,-35,0,0,0,0,121,-69,-52,-54,-50,-52,-52,-59,-20,-16,82,60,58,-235,-235,-589,-571,-550,-543,-497,-333,-340,-329,-396,-397,-373,-391,-365,-358,-351,-324,-489,-441,-420,-188,-188,-188,-188,-188,-227,-185,-170,-163,-159,-30,-27,0,0,0,0,0,0,0,-218,-181,-181,-181,-181,-177,-170,-170,-170,-120,-94,-94,-94,-94,-94,-94,-94,-51,-65,-20,-24,-34,-35,-47,-88,-101,-91,-75,-60,-66,-70,-71,-74,-64,-57,-68,-64,-41,-38,-31,-72,-73,-208,-156,-357,-341,-233,-151,-151,-151,-151,-151,-137,-114,-122,-121,-119,-116,-114,-74,-81,-81,-81,0,-12,-12,-17,-12,-12,0,0,0,0,0,0,0,0,0,-11,29971,29972,29973,8,29973,29972]} 1. e4 e6 2. d4 d5 3. Nc3 Nf6 4. e5 Nfd7 5. f4 c5 6. Nf3 Nc6 7. Be3 a6 8. Qd2 b5 9. dxc5 Bxc5 10. Bxc5 Nxc5 11. Bd3 Qb6 12. Qf2 b4 13. Ne2 a5 14. O-O Ba6 15. f5 {C11: French: Classical System: 4 e5 and 4 Bg5 dxe4.} exf5 ({Of course not} 15... Bxd3 16. cxd3 d4 17. Nf4 $16 (17. Nexd4 Nxd3 {[%mdl 64] Double Attack} 18. Qe3 Nxd4 $11)) 16. Nf4 Ne7 {[%cal Bc6e7,Be7f5,Bf5e3,Be3g4,Bg4e5][%mdl 32] [#]} 17. Nd4 $146 {The position is equal.} ({Predecessor:} 17. e6 f6 18. Bxa6 Rxa6 19. Rad1 Nxe6 20. Qxb6 {½-½ (20) Mastrovasilis,D (2583)-Jeremic,V (2509) Leros 2010}) 17... O-O 18. Nxf5 Nxf5 19. Nxd5 Qd8 (19... Qb7 $11 {remains equal.} 20. Qxc5 Bxd3 21. cxd3 Rfc8) 20. Qxc5 $2 ({Only move:} 20. Nf6+ $1 $16 gxf6 21. Bxf5 fxe5 22. Qg3+ {[%mdl 64] Double Attack} Kh8 23. Qh3 $1 {[%mdl 512]}) 20... Rc8 21. Qb6 Qxd5 22. Qxa6 Ne3 {[%csl Ge3][%cal Rd5g2]} 23. Rf3 $1 {[%cal Rf3e3]} Qd4 24. Kh1 Qxb2 (24... Rce8 $11) 25. Rg1 Ng4 {[#]} 26. e6 $2 {[%mdl 8192] [#]} (26. Rxf7 $1 $14 {[%mdl 512] keeps the upper hand.} Nxe5 (26... Rxf7 27. Qxc8+) 27. Rf5) 26... Qe5 $1 $40 {[%csl Gg4][%cal Re5h2][%mdl 704] Double Attack. Black has strong attack.} 27. exf7+ $2 (27. g3 {nothing else works.} Qd5 28. Rgf1 (28. exf7+ $2 Kh8 $19)) 27... Kh8 {[%csl Gg4][%cal Re5h2]} 28. g3 {[#]} Qd5 $1 {[%csl LRa2,LRf3,LRf7][%mdl 576] Double Attack} 29. Be2 Ne5 {[%mdl 64] Pin} 30. Rd1 Qe4 {[%mdl 64] Pin} 31. Rd4 Qxd4 32. Qxc8 {[%cal Rc8f8]} Qd6 33. Qf5 {Threatening Re3.} Nxf3 34. Bxf3 {[%mdl 4096] Endgame KQR-KQB} g6 35. Qxa5 (35. Qd5 $142 Qf6 36. Kg2) 35... Rxf7 36. Qd5 Qf6 (36... Qxd5 $142 37. Bxd5 Rd7) 37. Kg2 Kg7 38. h4 Rf8 39. Qb7+ Kh8 40. Qe4 Qc3 41. h5 g5 ({Black should play} 41... Rf5 $17 {Threatens to win with ...Kg7.} 42. hxg6 hxg6) 42. Be2 $1 $11 Rc8 {aiming for ...Qc6.} 43. Kh3 Qc5 44. Bd3 {[%csl Gd3][%cal Re4h7]} Rc7 45. h6 {Intending Qe8+ and mate.} Rf7 46. g4 $2 (46. Kg4 $11 {and White is okay.}) 46... Qf8 47. Qe5+ Rf6 48. Qxg5 Rxh6+ 49. Kg2 Qa8+ 50. Kf2 Rh2+ 51. Ke3 {[#] White wants to mate with Qf6+.} Qa7+ $1 52. Ke4 {Black must now prevent Qe5+.} Qb7+ 53. Ke3 Qb6+ 54. Ke4 {Strongly threatening Qe5+.} Qe6+ 55. Kd4 $1 Qd6+ 56. Kc4 $1 Rf2 {Hoping for ...Rf8.} 57. Kb3 $1 Rf4 {[#]} 58. Qh5 $1 {[%csl Gd3][%cal Rh5h7][%mdl 512]} Qe6+ 59. Kb2 {[%csl Gd3][%cal Rh5h7]} h6 60. g5 Qe5+ {[%mdl 64] Double Attack} 61. Kb1 $1 Qxg5 62. Qe8+ Kg7 63. Qd7+ Rf7 64. Qd4+ Qf6 65. Qg4+ Kh8 66. Qxb4 Rg7 67. Qb8+ (67. c3 $17) 67... Rg8 $19 68. Qh2 $2 (68. Qa7 $17 Qg7 69. Qc5) 68... Qb6+ 69. Kc1 {intending Qe5+.} Rg1+ 70. Kd2 Qa5+ {[%mdl 64] Double Attack} 71. Ke2 Re1+ 72. Kf3 Qa8+ {[#]} 73. Kf2 $1 {[%mdl 512]} Re6 {And now ...Qf8+ would win.} 74. Qf4 Qa7+ 75. Kg2 {[%cal Rf4f8]} Qb7+ 76. Kh2 {[%cal Rf4f8]} Qe7 77. a4 h5 ({Black should try} 77... Qf6 $17 78. Qxf6+ Rxf6) 78. a5 Rf6 79. Qb8+ Kg7 {...Rf2+ is the strong threat.} 80. Qg3+ Kh8 81. a6 Rf7 82. Qb8+ Rf8 83. Qb2+ Kg8 84. Bc4+ Kh7 {( -> ...Rf2+)} 85. Qb7 Qg7 $2 {[%mdl 8192] [#]} (85... Qxb7 $11 86. axb7 Rb8) 86. Bd5 $1 Re8 87. Qxg7+ Kxg7 88. a7 {Both players deserved the win here. Av CentiPawn Loss W=-20/B=-34. Weighted=-18/-37} 1-0

[Event "Satka Autumn 2020"]
[Site "Satka"]
[Date "2020.10.23"]
[Round "3.9"]
[White "Mukhina, Jana"]
[Black "Prudnikova, Svetlana"]
[Result "1/2-1/2"]
[WhiteElo "2025"]
[BlackElo "2203"]
[Annotator "TA"]
[PlyCount "79"]
[EventDate "2020.10.21"]
[EventType "swiss"]
[EventCountry "RUS"]
[SourceTitle "playchess.com"]
[Source "ChessBase"]
[SourceQuality "1"]

{[%evp 15,79,29,27,0,10,9,8,4,12,-15,0,-9,0,-15,-13,-34,-21,-33,-22,-14,47,38,107,107,114,108,108,111,146,136,145,140,176,173,230,218,222,165,146,147,196,107,102,114,111,118,111,112,114,110,116,112,132,116,140,116,116,116,124,116,116,116,116,116,117,120]} 1. e4 c5 2. Nf3 e6 3. d4 cxd4 4. Nxd4 Nf6 5. Nc3 d6 6. g3 Nc6 7. Bg2 Bd7 8. O-O Be7 9. Kh1 {B80: Sicilian Scheveningen: 6 g3 and 6 Be3, including English Attack.} Nxd4 10. Qxd4 Bc6 {[#]} 11. Qd3 $146 {The position is equal.} ({Predecessor:} 11. f4 O-O 12. Be3 b5 13. Rad1 Qd7 14. a3 a5 15. e5 Qb7 16. Bxc6 Qxc6+ 17. Kg1 {½-½ (68) Grigorov,J (2390)-Dragolov,T (2260) Bankia 1992}) 11... a6 12. Bf4 Qc7 13. Rad1 {[%cal Rf4d6]} Rd8 14. Qe2 O-O 15. Rd2 b5 {And now ...b4 would win.} 16. a3 $1 Qb7 17. Rfd1 {[%cal Rf4d6]} Ne8 (17... a5 $11 18. b4 (18. Bxd6 b4 $17) 18... axb4 19. axb4 d5) 18. Nd5 $14 f6 (18... Bxd5 $14 19. exd5 e5 20. Bxe5 Bg5) 19. Nb4 $16 e5 20. Nxc6 Qxc6 21. Be3 Nc7 22. c4 Rb8 23. cxb5 axb5 24. Rc2 Qb7 (24... Qd7 {was worth a try.} 25. Rdc1 Rb7) 25. Qg4 Rf7 26. Qd7 Bf8 27. Qc6 Ne6 {[#]} 28. b4 (28. Bh3 $1 $18 {[%cal Rh3e6]} Qxc6 29. Rxc6) 28... Rc7 29. Qxb7 Rcxb7 30. Bh3 Kf7 31. f4 Be7 32. f5 Nc7 33. Bf1 Ke8 34. g4 h6 35. h4 Kd7 {White is better.} 36. Kg2 Ra8 37. Rc3 Ra6 38. Rdc1 {[#] Threatens to win with Rxc7+!} Ra8 39. Kg3 Ne8 40. Be2 {Av CentiPawn Loss W=-10/B=-14. Weighted=-11/-17} 1/2-1/2

[Event "Satka Autumn 2020"]
[Site "Satka"]
[Date "2020.10.23"]
[Round "3.10"]
[White "Leolko, Ludmila"]
[Black "Dubnikova, Anastasia"]
[Result "1/2-1/2"]
[WhiteElo "1899"]
[BlackElo "2148"]
[Annotator "TA"]
[PlyCount "144"]
[EventDate "2020.10.21"]
[EventType "swiss"]
[EventCountry "RUS"]
[SourceTitle "playchess.com"]
[Source "ChessBase"]
[SourceQuality "1"]

{[%evp 9,144,75,78,83,86,62,68,66,88,87,95,91,98,52,62,37,40,41,42,3,16,1,33,26,45,58,54,0,48,0,0,3,0,-10,27,14,13,12,12,-32,-31,-41,-47,-44,-52,-276,0,0,0,0,0,0,0,0,0,0,0,0,0,0,0,0,0,0,0,0,0,0,0,0,0,-41,-27,-27,0,0,0,-14,-14,-19,-7,-7,-10,-14,-15,-45,0,-16,0,0,0,0,0,0,0,-29,0,0,0,0,0,0,0,0,0,0,0,-52,-1,-1,0,0,0,-1,-1,-1,-1,-1,-1,-1,0,-1,0,-1,0,-16,-16,-16,-16,-16,-16,-16,-16,-16,0,-16,0]} 1. e4 Nf6 2. Nc3 d5 3. e5 Ne4 4. Nce2 Nc5 5. d4 Ne6 6. Be3 {B02: Alekhine's Defence: Chase Variation and lines with early Nc3.} g6 7. f4 Ng7 8. Nf3 {White is slightly better.} Bg4 9. Nc3 Nf5 {[#]} 10. Bf2 $1 Nc6 11. Be2 {[#]} e6 $146 ({Predecessor:} 11... h5 12. h3 Bxf3 13. Bxf3 e6 14. g4 hxg4 15. hxg4 Rxh1+ 16. Bxh1 Nh4 17. Qd2 Be7 18. O-O-O g5 19. Bxh4 gxh4 {1-0 (30) Atri,J (2046)-Oelrichs,M (1663) Pinneberg 2013}) 12. a3 Bxf3 13. Bxf3 Nh4 14. g4 Nxf3+ 15. Qxf3 Be7 16. O-O-O Qd7 17. f5 O-O-O {[%cal Re6f5]} 18. h4 (18. f6 $14 Bf8 19. h4) 18... h5 19. fxg6 fxg6 20. Be3 Rdf8 21. Qe2 Qd8 22. g5 Rf5 23. Rdf1 Rhf8 24. Qg2 Na5 25. Rxf5 Rxf5 26. Rf1 {Strongly threatening Rxf5.} Nc4 27. Bg1 $2 {[#]} (27. Nd1 $15) 27... Qf8 $2 (27... Bxg5+ $1 $19 {[%mdl 512]} 28. Kd1 (28. hxg5 Rxf1+) 28... Rxf1+ 29. Qxf1 Nxb2+ 30. Ke2 Bxh4) 28. Rxf5 $11 Qxf5 29. Qf2 $1 {[%cal Rf2f5] Threatens to win with Qxf5.} Qg4 30. Ne2 Kd7 31. Nf4 Qf5 32. Nd3 {Hoping for Qxf5.} Qe4 33. Kb1 Ke8 34. Ka2 b6 35. Nf4 Qf5 36. Nd3 Qg4 37. Bh2 Qd1 {White must now prevent ...Nd2.} 38. Bf4 a5 39. Bc1 a4 40. Bf4 Na5 41. Qd2 Qg1 42. Be3 Qh1 43. Bf2 Nc4 44. Qe1 Qf3 45. Bg1 c6 46. Bf2 Qg4 47. Bg1 Qf3 48. Bf2 Na5 49. Be3 Bd8 50. Nf4 Nc4 51. Bc1 Kf7 52. Nd3 Be7 53. Qf2 Qxf2 54. Nxf2 {[%mdl 4096] Endgame KBN-KBN} c5 55. c3 $1 cxd4 56. cxd4 b5 57. Nd3 Bd8 {Threatening ...Bb6.} 58. b3 (58. Ne1 $11) 58... axb3+ (58... Na5 $1 $15 59. bxa4 bxa4) 59. Kxb3 {The position is equal.} Bb6 60. Kc3 Ba5+ 61. Nb4 Ke7 62. Kb3 {aiming for Nc6+.} Kd7 63. Kc3 Nb6 64. Kb3 Nc4 65. Kc3 Nb6 (65... Ke8 {with more complications.} 66. Kb3 Bd8 67. Kc3 Be7 68. Kb3 Na5+) 66. Kb3 Bxb4 67. axb4 {KB-KN} Nc8 68. Be3 Ne7 69. Bf2 Nf5 70. Kc3 Kd8 71. Kb3 Kd7 72. Kc3 Kd8 {Av CentiPawn Loss W=-11/B=-9. Weighted=-12/-17} 1/2-1/2

[Event "Satka Autumn 2020"]
[Site "Satka"]
[Date "2020.10.23"]
[Round "3.11"]
[White "Petrukhina, Olga"]
[Black "Shnayder, Violetta"]
[Result "0-1"]
[WhiteElo "2109"]
[BlackElo "1917"]
[Annotator "TA"]
[PlyCount "110"]
[EventDate "2020.10.21"]
[EventType "swiss"]
[EventCountry "RUS"]
[SourceTitle "playchess.com"]
[Source "ChessBase"]
[SourceQuality "1"]

{[%evp 11,109,38,33,32,46,9,41,41,55,-39,-22,-74,-68,-88,-85,-73,-87,-54,-33,-108,-121,-118,-117,-109,-92,-160,-159,-155,-156,-146,-79,-87,-87,-124,0,0,39,-34,-31,-104,-83,-71,-33,35,0,-263,-187,-139,-73,-66,-72,-333,-151,-442,-445,-448,-443,-438,-427,-417,-402,-389,-252,-233,0,-22,0,0,0,-386,-174,-166,-172,-204,0,-635,-614,-1828,-1811,-1283,-1131,-29980,-1058,-29978,-29979,-29977,-29979,-29978,-1070,-1062,-1049,-1049,-1047,-1006,-988,-1197,-1197,-1129,-1020,-29999]} 1. Nf3 Nf6 2. c4 g6 3. d4 Bg7 4. Nc3 O-O 5. Bg5 c5 6. d5 h6 7. Bf4 {E61: King's Indian: Early deviations for White, including Smyslov System.} d6 8. h3 Nh5 9. Bh2 {White is slightly better.} b5 {[#]} 10. g4 $146 ({Don't play} 10. Nxb5 Bxb2 11. Rb1 Bg7 $11) (10. cxb5 $14 Qa5 11. Qb3) ({Predecessor:} 10. cxb5 a6 11. e4 Qa5 12. e5 dxe5 13. Bxe5 Nf6 14. Nd2 Nbd7 15. Nc4 Qd8 16. Bf4 axb5 17. Nxb5 {0-1 (28) Spiridonov,N (2405)-Tkachiev,V (2620) France 1996}) 10... b4 $15 11. Na4 (11. Ne4 $11 {keeps the balance.} Nf6 12. Nxf6+ Bxf6 13. Rb1) 11... Nf6 $36 {[%mdl 2048] Black has the initiative.} 12. Bg2 Bd7 {Strongly threatening ...Qa5.} 13. a3 a5 {[%cal Ba7a5,Ba5b4][%mdl 32]} 14. Nd2 Ra6 15. O-O (15. Ra2 $15) 15... Qe8 16. axb4 axb4 {[%cal Ra6a4]} 17. b3 h5 18. gxh5 (18. f3 $142) 18... Nxh5 19. Ra2 Qc8 20. h4 Bf6 (20... Bxa4 $142 21. Rxa4 Rxa4 22. bxa4 Qa6) 21. e4 Bxh4 22. f4 Bg4 $2 ({Black should try} 22... Bg3 $17 23. Bxg3 Nxg3) 23. Bf3 $14 f5 24. e5 (24. exf5 $14 gxf5 25. Ne4 $1 {[%mdl 512]}) 24... Kg7 $15 25. e6 ({White should play} 25. Qa1 $15) 25... Nf6 $17 26. Qa1 {Threatening Bxg4.} Rh8 27. Bxg4 fxg4 28. Kg2 $2 {[%mdl 8192]} (28. Ne4 $1 $11 {and White stays safe.}) 28... Rh5 29. Rh1 {[#]} Qh8 (29... Nc6 $142 $1 {[%cal Rc6d4][%mdl 512]} 30. Bg1 (30. dxc6 Qxc6+) 30... Nd8) 30. Ne4 Qh6 31. Ng5 $2 {[%mdl 8192]} (31. Ng3 $17 {keeps fighting.} Bxg3 32. Bxg3) 31... g3 (31... Bxg5 $19 {is more deadly.} 32. fxg5 Qxg5) 32. Bxg3 $2 (32. Bg1 $17 {is the only way for White.}) 32... Bxg3 $19 33. Rxh5 Qxh5 34. Kxg3 Qg4+ 35. Kf2 {intending Ke3.} Qxf4+ 36. Nf3 g5 ({Less strong is} 36... Kg8 37. Qg1 $17) 37. Kg2 Kf8 $2 (37... Qg4+ $19 38. Kf2 Ra8) 38. Rf2 $11 Qg4+ 39. Kf1 Kg8 {And now ...Ne4 would win.} 40. Ke2 $2 {[%mdl 8192]} (40. Qb1 $11 {and White has nothing to worry.} Ne4 41. Nd2 Qh3+ 42. Kg1 Qg3+ {[%mdl 64] Double Attack} 43. Rg2 Qe3+ {[%mdl 64] Double Attack} 44. Kh2 Qf4+ 45. Kg1 Qe3+ 46. Kh2 Qf4+ 47. Kg1 Qe3+) 40... Ne4 (40... Qe4+ $142 41. Kd2 Ng4) 41. Rh2 $19 {[%csl Ga1][%cal Rh2h8] [#]} Nc3+ $1 {[%mdl 512]} 42. Kf2 {Threatens to win with Qh1.} (42. Nxc3 Rxa1) 42... Ne4+ $2 (42... Qf4 $19 43. Kg2 Qg4+ 44. Kf2 Qf4) 43. Ke3 $2 {[%mdl 8192]} (43. Ke2 $11 Nc3+ 44. Kf2 Ne4+ 45. Ke2) 43... Qf4+ $1 44. Ke2 {[%csl Ga1][%cal Rh2h8] [#]} Nc3+ $1 {[%mdl 512]} 45. Kf2 (45. Nxc3 Rxa1) 45... g4 {[%mdl 64] Pin} 46. Kg1 gxf3 (46... Qg3+ $142 47. Kh1 Qxf3+ 48. Kg1 g3 49. Qe1 gxh2+ 50. Kxh2 Nxa4 51. Qd2 Qh5+ 52. Kg1 Nc3 53. Qg2+ Kh8 54. Kf1 Ra1+ 55. Kf2 Ra2+ 56. Kg1 Rxg2+ 57. Kxg2 Ne4 58. Kf1 Qf3+ {[%mdl 64] Double Attack} 59. Kg1 Qg3+ 60. Kh1 Nf2#) 47. Qf1 Qg3+ 48. Kh1 Ne4 49. Qb1 Qg4 ({Inferior is} 49... Nf2+ {[#]} 50. Rxf2 $1 {[%mdl 512]} Qxf2 51. Qg6+ Kh8 52. Qh6+ Kg8 53. Qg6+ Kh8 54. Qh6+ Kg8 55. Qg6+ $11) (49... Qf4 $142 50. Qe1 Ng3+ 51. Kg1 Qd4+ 52. Rf2 Ne4 {[%mdl 64] Pin} 53. Kf1 Rxa4 54. Rxf3 Ra1 $1 {[%mdl 512]} 55. Qxa1 Qxa1+ 56. Kg2 Qa2+ 57. Kg1 Qb1+ 58. Rf1 Qxb3 59. Kh2 Qc2+ 60. Kh3 Qd3+ 61. Kh2 Qe2+ 62. Kg1 b3 63. Rf5 b2 64. Rf1 b1=Q {[%mdl 64] Deflection} 65. Rxb1 Qf2+ 66. Kh1 Ng3#) 50. Qa1 Ng3+ 51. Kg1 Ne2+ {[%mdl 64] Discovered Attack (Double check)} 52. Kh1 {[#]} Nc3 $1 53. Qc1 (53. Nxc3 Rxa1+) 53... Nxa4 54. Qh6 Qg7 55. Qh5 Qa1# {Av CentiPawn Loss W=-101/B=-79. Weighted=-106/-116} 0-1

[Event "Satka Autumn 2020"]
[Site "Satka"]
[Date "2020.10.23"]
[Round "3.12"]
[White "Nasybullina, Dayana"]
[Black "Stroganova, Karina"]
[Result "1/2-1/2"]
[WhiteElo "1802"]
[BlackElo "1825"]
[Annotator "NA RC"]
[PlyCount "98"]
[EventDate "2020.10.21"]
[EventType "swiss"]
[EventCountry "RUS"]
[SourceTitle "playchess.com"]
[Source "ChessBase"]
[SourceQuality "1"]
[TimeControl "5400+30"]

{[%evp 8,72,55,59,75,64,61,0,43,19,49,26,51,47,43,12,54,60,60,50,41,29,34,2,13,0,0,0,0,0,9,8,27,7,20,0,6,0,0,0,65,66,73,49,48,22,91,88,139,127,101,46,26,24,32,25,225,32767,233,8,32767,32767,32767,27,80,82,79]} 1. e4 {[%emt 0:00:00]} d5 {[%emt 0:00:00]} 2. exd5 {[%emt 0:00:03]} Qxd5 {[%emt 0:00:00]} 3. d4 {[%emt 0:00:23]} Nf6 {[%emt 0:00:49]} 4. Nf3 {[%emt 0:00:48]} g6 {[%emt 0:00:25]} 5. Be2 {[%emt 0:00:36]} Bg7 {[%emt 0:00:08]} 6. O-O {[%emt 0:00:13]} O-O {[%emt 0:00:06] B01: Scandinavian Defence.} 7. Bf4 {[%emt 0:05:49]} (7. c4 $16 Qd8 8. Nc3) 7... Qd8 {[%emt 0:03:33]} 8. c3 {[%emt 0:00:54] [#]} Nc6 $146 {[%emt 0:00:52]} ({Predecessor:} 8... Nbd7 9. Re1 b6 10. Ne5 Bb7 11. Bf3 Bxf3 12. Qxf3 Nxe5 13. Bxe5 Qd7 14. Na3 c6 {1-0 (28) Seils,J (2345)-Kauschmann,H (2220) Berlin 1993}) 9. Ne5 {[%emt 0:01:12]} Nxe5 {[%emt 0:01:05]} 10. Bxe5 {[%emt 0:00:17]} c6 {[%emt 0:00:35]} 11. a4 {[%emt 0:02:19]} b6 {[%emt 0:03:02]} 12. Bf3 {[%emt 0:00:52]} Bb7 {[%emt 0:00:13]} 13. Nd2 {[%emt 0:00:33]} Qd7 {[%emt 0:00:41]} 14. a5 {[%emt 0:00:44]} c5 {[%emt 0:01:47]} 15. axb6 {[%emt 0:05:20]} axb6 {[%emt 0:00:14]} 16. Qb3 {[%emt 0:00:40]} Bxf3 {[%emt 0:03:29]} 17. Nxf3 {[%emt 0:00:16]} Qc6 {[%emt 0:01:28]} 18. Qc4 {[%emt 0:07:39]} Ne4 {[%emt 0:14:12]} 19. dxc5 {[%emt 0:17:04]} Nxc5 {[%emt 0:03:49]} 20. Bxg7 {[%emt 0:01:55]} Kxg7 {[%emt 0:00:06]} 21. b4 {[%emt 0:00:37]} Qe4 {[%emt 0:01:01]} 22. Qb5 {[%emt 0:02:53]} Rxa1 {[%emt 0:09:26]} 23. Rxa1 {[%emt 0:00:09]} Nb3 {[%emt 0:00:16]} ({Black should play} 23... Qd3 $11 24. Qxb6 Qxc3) 24. Re1 {[%emt 0:02:03]} Qc2 {[%emt 0:00:35]} 25. Qe5+ {[%emt 0:14:08]} Kg8 {[%emt 0:01:20]} 26. h4 {[%emt 0:02:50]} h5 {[%emt 0:01:10]} (26... Nd2 $11 {keeps the balance.}) 27. Qc7 {[%emt 0:03:06]} Nd2 {[%emt 0:03:50]} (27... e6 $14) 28. Ng5 {[%emt 0:05:31]} ({Of course not} 28. Rxe7 $6 Qb1+ 29. Ne1 Ne4 $11) 28... b5 {[%emt 0:01:53]} 29. Nh3 {[%emt 0:11:36]} ({But not} 29. Rxe7 $6 Qb1+ 30. Kh2 Nf1+ 31. Kh1 Ne3+ 32. Kh2 Nd5 $11) ({White should play} 29. Qc5 $16) 29... Ne4 {[%emt 0:02:13]} 30. Qxe7 {[%emt 0:03:04]} Nxc3 {[%emt 0:00:27]} 31. Nf4 {[%emt 0:01:24]} Nd1 $2 {[%emt 0:02:05]} (31... Qf5 $1 $11 {and Black has nothing to worry.} 32. g3 Nd5 33. Nxd5 Qxd5) 32. Nxh5 {[%emt 0:05:14]} Qxf2+ {[%emt 0:00:16] [#]} 33. Kh1 $2 {[%emt 0:00:05]} ({Only move:} 33. Kh2 $1 $18 Qd4 34. Qf6 (34. Nf6+ Kg7 $16) 34... Qxf6 35. Nxf6+ Kg7 36. Nd7 (36. Rxd1 Kxf6 37. Rd5 Rb8 $14)) 33... Nc3 {[%emt 0:03:50]} 34. Nf6+ {[%emt 0:01:43]} Kg7 {[%emt 0:00:12]} 35. Ne8+ {[%emt 0:01:45]} Kh7 {[%emt 0:11:59] [#]} 36. Qe5 $1 {[%emt 0:01:28]} Qxh4+ $16 {[%emt 0:00:48]} 37. Kg1 {[%emt 0:00:08]} Kh6 {[%emt 0:01:44]} 38. Qg7+ {[%emt 0:01:27]} Kh5 {[%emt 0:00:47]} 39. Qxc3 {[%emt 0:01:28]} Qd8 {[%emt 0:02:41]} 40. Qh3+ {[%emt 0:00:48]} Kg5 {[%emt 0:00:13]} 41. Qe3+ {[%emt 0:00:33]} Kh5 {[%emt 0:00:13]} 42. Ng7+ {[%emt 0:00:24]} Kh4 {[%emt 0:00:35]} 43. Qh3+ {[%emt 0:00:48]} Kg5 {[%emt 0:00:09]} 44. Qe3+ {[%emt 0:00:18]} Kg4 {[%emt 0:00:26]} 45. Rf1 {[%emt 0:00:46]} Qd6 {[%emt 0:00:45]} 46. Qe4+ {[%emt 0:00:29]} Kg5 {[%emt 0:00:10]} 47. Ne6+ {[%emt 0:00:27]} fxe6 {[%emt 0:00:24]} 48. Qe3+ {[%emt 0:00:18]} Kh5 {[%emt 0:00:43]} 49. Qh3+ {[%emt 0:00:22]} Kg5 {[%emt 0:00:07]} 1/2-1/2

[Event "Satka Autumn 2020"]
[Site "Satka"]
[Date "2020.10.23"]
[Round "3.13"]
[White "Maltsevskaya, Aleksandra"]
[Black "Vanishvili, Mari"]
[Result "1-0"]
[WhiteElo "2260"]
[BlackElo "1878"]
[Annotator "TA"]
[PlyCount "70"]
[EventDate "2020.10.21"]
[EventType "swiss"]
[EventCountry "RUS"]
[SourceTitle "playchess.com"]
[Source "ChessBase"]
[SourceQuality "1"]

{[%evp 10,70,33,31,29,27,46,38,58,82,82,15,35,39,36,41,50,48,49,21,28,22,27,15,30,27,34,29,29,22,35,10,48,28,116,70,70,70,118,85,105,107,95,89,93,77,107,105,79,97,194,20,19,14,25,0,608,205,171,188,170,77,93]} 1. e4 e5 2. Nf3 d6 3. Nc3 Nf6 4. d4 exd4 5. Nxd4 Be7 6. Bf4 O-O {C41: Philidor Defence.} 7. Be2 a6 8. Qd2 c5 {White is slightly better.} 9. Nb3 b5 10. Bf3 {[#]} (10. Rd1 $16) 10... Ra7 $146 {[%cal Ba8a7,Ba7d7,Bd7d4,Bd4b4][%mdl 32]} ({Predecessor:} 10... Bb7 11. O-O Nc6 12. Qe3 Qc7 13. Nxc5 Ne5 14. Nxb7 Nxf3+ 15. Qxf3 Qxb7 16. Rfd1 Rfd8 {0-1 (65) Mchedlishvili,M (2570)-Nitish,B (2351) chess.com INT 2020}) 11. Nxc5 dxc5 12. Qxd8 Rxd8 13. Bxb8 Rad7 $1 14. e5 Ne8 $1 15. Bc6 Rd4 16. Ne2 Rb4 17. b3 {[#] Black must now prevent Rd1.} ({Don't play} 17. Rd1 Rxb2 18. Ng3 Kf8 $17) 17... Bf5 18. Ba7 {Hoping for Rd1.} Rc8 19. Bf3 $36 {[%mdl 2048] White fights for an advantage.} Bxc2 20. Rc1 Bg6 21. O-O f6 (21... Be4 $11) 22. a3 Rh4 23. g3 Rh6 24. e6 Bh5 {[#]} 25. g4 $1 {[%cal Rg4h5]} Bg6 26. Ng3 c4 27. b4 Bd6 28. Be3 Rh4 29. Rfd1 Be5 (29... Kf8 $16 {keeps fighting.}) 30. Bd4 $2 ({White has to play} 30. Rd7 $18) 30... Bf4 $11 31. Rc3 Nc7 32. e7 $1 {Threatens to win with Be3.} Bf7 $2 {[%mdl 8192]} (32... Re8 $11) 33. Bb6 $2 (33. Be3 Ne6 34. Bxf4) 33... Re8 $18 34. Rd8 {aiming for Bc6.} Ne6 35. Bc6 (35. Nf5 $18 {is more deadly.} Nxd8 36. exd8=Q (36. Nxh4 Ne6 $15) (36. exd8=R Bxh2+ 37. Kg2 Rxd8 $16) 36... Rxd8 37. Bxd8 (37. Nxh4 Rd7 $16) 37... Bxh2+ 38. Kg2) 35... Rxd8 {Av CentiPawn Loss W=-31/B=-33. Weighted=-43/-39} 1-0

[Event "Satka Autumn 2020"]
[Site "Satka"]
[Date "2020.10.24"]
[Round "4.1"]
[White "Bivol, Alina"]
[Black "Voit, Daria"]
[Result "1/2-1/2"]
[WhiteElo "2393"]
[BlackElo "2343"]
[Annotator "TA"]
[PlyCount "62"]
[EventDate "2020.10.21"]
[EventType "swiss"]
[EventCountry "RUS"]
[SourceTitle "playchess.com"]
[Source "ChessBase"]
[SourceQuality "1"]

{[%evp 16,62,14,12,21,-4,0,0,0,0,23,23,23,12,21,6,53,53,53,53,53,53,53,53,53,53,53,53,53,53,54,53,60,45,63,58,54,43,66,29,29,0,61,0,31,0,60,0,25]} 1. e4 e5 2. Nf3 Nf6 3. Nc3 Nc6 4. Bb5 Bb4 5. O-O O-O 6. d3 Bxc3 7. bxc3 d6 8. Re1 Bd7 9. Bg5 h6 {C49: Four Knights: 4 Bb5 Bb4.} 10. Bd2 Ne7 11. Bxd7 Qxd7 {[#]} 12. Nh4 $146 ({Predecessor:} 12. h3 Ng6 13. Kh2 d5 14. exd5 Qxd5 15. c4 Qd6 16. Kg1 Rfe8 17. Bc3 e4 18. Nd4 {½-½ (31) Betak,M-Vesely,J Prague 1955}) 12... Qg4 13. Qxg4 Nxg4 14. f3 Nf6 15. g4 g5 16. Ng2 Nd7 17. Kf2 f6 18. h4 Kg7 19. Ne3 Nc5 20. Rh1 Rh8 21. Rh2 Rag8 22. Rah1 Ne6 23. c4 b6 24. Ke1 Nf8 25. Kd1 Nfg6 26. Be1 Nf4 27. Bc3 Nfg6 28. Be1 Nf8 (28... Nf4 $11) 29. Bc3 Nfg6 $1 30. Be1 Nf8 (30... Nf4 $11) 31. Bc3 Nfg6 $1 {Av CentiPawn Loss W=-11/B=-14. Weighted=-12/-14} 1/2-1/2